| 000 | 00411cam a2200157ua 4500 | ||
|---|---|---|---|
| 020 | _a0-07-0Y66157-X | ||
| 041 |
_aeng _h |
||
| 082 |
_a620.11 _bCOO/ME |
||
| 100 | _aCook, Nathem H . | ||
| 245 |
_aMechanics and materials for design / _cNathem H Cook. _hTextual Documents |
||
| 260 |
_aNew York : _bMcGraw Hill Book Company , _c1985. |
||
| 300 | _a497 ; . | ||
| 504 | _a | ||
| 942 | _cBK | ||
| 999 |
_c9683 _d9683 |
||